[Event "ROM-ch U18 Girls"]
[Site "Calimanesti"]
[Date "2015.04.05"]
[Round "8"]
[White "Cosman, Andreea Marioara"]
[Black "Bracacescu, Raluca Veronica"]
[Result "0-1"]
[WhiteElo "2074"]
[BlackElo "1707"]
[PlyCount "62"]
[EventDate "2015.03.30"]
[EventType "swiss"]
[EventRounds "9"]
[EventCountry "ROU"]
[SourceTitle "CBM 165 Extra"]
[Source "ChessBase"]
[SourceDate "2015.04.21"]
[SourceVersion "1"]
[SourceVersionDate "2015.04.21"]
[SourceQuality "1"]

1. d4 Nf6 2. c4 g6 3. Nc3 Bg7 4. e4 d6 5. Nf3 0-0 6. Be2 e5 7. 0-0 Nc6 8. d5 Ne7 9. b4 Nh5 10. Re1 f5 11. Nd2 Nf6 12. c5 Kh8 13. Bc4 f4 14. Ba3 g5 15. f3 g4 16. fxg4 Nxg4 17. Nf3 Ne3 18. Qe2 Rg8 19. Nd1 Nxc4 20. Qxc4 Ng6 21. Nf2 Nh4 22. Qd3 Bf6 23. Nxh4 Bxh4 24. Rf1 Qg5 25. Qf3 Qh6 26. Nh1 Bg4 27. Qd3 Qh5 28. Rae1 Bxe1 29. Rxe1 Bf3 30. g3 Bxh1 31. Kxh1 Rxg3 0-1

[Event "ROM-ch U18 Girls"]
[Site "Calimanesti"]
[Date "2015.04.02"]
[Round "4"]
[White "Varga, Adrienn"]
[Black "Bracacescu, Raluca Veronica"]
[Result "0-1"]
[WhiteElo "1716"]
[BlackElo "1707"]
[PlyCount "68"]
[EventDate "2015.03.30"]
[EventType "swiss"]
[EventRounds "9"]
[EventCountry "ROU"]
[SourceTitle "CBM 165 Extra"]
[Source "ChessBase"]
[SourceDate "2015.04.21"]
[SourceVersion "1"]
[SourceVersionDate "2015.04.21"]
[SourceQuality "1"]

1. e4 c5 2. Nf3 d6 3. d4 Nf6 4. Nc3 cxd4 5. Nxd4 e6 6. Bb5+ Nbd7 7. 0-0 Be7 8. Be3 0-0 9. Kh1 a6 10. Bd3 Qc7 11. f4 Nc5 12. Nb3 b5 13. Nxc5 dxc5 14. e5 Nd5 15. Bd2 Nxc3 16. Bxc3 b4 17. Bd2 g6 18. Qe2 Bb7 19. Bc4 Rfd8 20. a3 a5 21. Be3 Qc6 22. a4 Ba6 23. Bxa6 Qxa6 24. Qf2 Rd5 25. Rfd1 Rad8 26. Rd2 Rxd2 27. Bxd2 Qc6 28. b3 c4 29. Qe3 Bc5 30. Qe2 cxb3 31. cxb3 Qd5 32. Be3 Qe4 33. Rd1 Rxd1+ 34. Qxd1 Qxe3 0-1

[Event "ROM-ch U18 Girls"]
[Site "Calimanesti"]
[Date "2015.03.31"]
[Round "2"]
[White "Bracacescu, Raluca Veronica"]
[Black "Stanciu, Ioana Georgiana"]
[Result "0-1"]
[WhiteElo "1707"]
[BlackElo "1829"]
[PlyCount "72"]
[EventDate "2015.03.30"]
[EventType "swiss"]
[EventRounds "9"]
[EventCountry "ROU"]
[SourceTitle "CBM 165 Extra"]
[Source "ChessBase"]
[SourceDate "2015.04.21"]
[SourceVersion "1"]
[SourceVersionDate "2015.04.21"]
[SourceQuality "1"]

1. e4 c5 2. Nc3 e6 3. f4 d5 4. Bb5+ Nc6 5. Nf3 d4 6. Ne2 Nf6 7. Bxc6+ bxc6 8. d3 Be7 9. 0-0 a5 10. Ne5 Qc7 11. b3 0-0 12. Bd2 Rd8 13. Nc4 a4 14. Qe1 Re8 15. Ng3 Ba6 16. f5 Bxc4 17. bxc4 Bd6 18. fxe6 Rxe6 19. Rf3 Rb8 20. Rb1 Ng4 21. Rxb8+ Qxb8 22. h3 Ne5 23. Rf1 Nxc4 24. Nf5 Na3 25. Qc1 c4 26. Nxd4 Bc5 27. Be3 Qb6 28. Nf5 Nxc2 29. Bxc5 Qxc5+ 30. Kh1 cxd3 31. Qb2 Qf8 32. Qc3 g6 33. Qxd3 Nb4 34. Nd4 Nxd3 35. Nxe6 fxe6 36. Rxf8+ Kxf8 0-1

[Event "ROM-chT (Women)"]
[Site "Calimanesti"]
[Date "2014.11.12"]
[Round "5.1"]
[White "Cosman, Andreea Marioara"]
[Black "Bracacescu, Raluca Veronica"]
[Result "1-0"]
[WhiteElo "2063"]
[BlackElo "1711"]
[PlyCount "75"]
[EventDate "2014.11.08"]
[EventType "team-tourn"]
[EventRounds "7"]
[EventCountry "ROU"]
[SourceTitle "EXT 2015"]
[Source "ChessBase"]
[SourceDate "2014.11.20"]
[SourceVersion "1"]
[SourceVersionDate "2014.11.20"]
[SourceQuality "1"]
[WhiteTeam "Timisoara Sinandrei (W)"]
[BlackTeam "Bucharest Apa Nova (W)"]
[WhiteTeamCountry "ROU"]
[BlackTeamCountry "ROU"]

1. d4 Nf6 2. c4 g6 3. Nc3 Bg7 4. e4 d6 5. Nf3 0-0 6. Be2 e5 7. 0-0 Nc6 8. d5 Ne7 9. b4 Nh5 10. Re1 Nf4 11. Bf1 f5 12. Bxf4 exf4 13. e5 dxe5 14. Nxe5 g5 15. Qb3 Kh8 16. c5 Bxe5 17. Rxe5 Ng6 18. Ree1 Qf6 19. Nb5 Qg7 20. d6 cxd6 21. Nxd6 g4 22. Ne8 Be6 23. Qxe6 Raxe8 24. Qxe8 Rxe8 25. Rxe8+ Nf8 26. Rd1 g3 27. Rdd8 gxf2+ 28. Kxf2 Qb2+ 29. Be2 Qxb4 30. Rxf8+ Kg7 31. Rxf5 Qe4 32. Rfd5 Qe3+ 33. Kf1 Qc1+ 34. Rd1 Qxc5 35. R8d7+ Kg8 36. Rxb7 Qa5 37. Rdd7 Qh5 38. Rb8+ 1-0

[Event "ROM-chT (Women)"]
[Site "Calimanesti"]
[Date "2014.11.09"]
[Round "2.3"]
[White "Bracacescu, Raluca Veronica"]
[Black "Moldovan, Petruta Alisia"]
[Result "1-0"]
[WhiteElo "1711"]
[BlackElo "1735"]
[PlyCount "69"]
[EventDate "2014.11.08"]
[EventType "team-tourn"]
[EventRounds "7"]
[EventCountry "ROU"]
[SourceTitle "EXT 2015"]
[Source "ChessBase"]
[SourceDate "2014.11.20"]
[SourceVersion "1"]
[SourceVersionDate "2014.11.20"]
[SourceQuality "1"]
[WhiteTeam "Bucharest Apa Nova (W)"]
[BlackTeam "Bucharest CSM (W)"]
[WhiteTeamCountry "ROU"]
[BlackTeamCountry "ROU"]

1. e4 c5 2. Nc3 Nc6 3. f4 g6 4. Bc4 Bg7 5. Nf3 e6 6. d3 Nge7 7. 0-0 0-0 8. Qe1 a6 9. Nd1 b5 10. Bb3 d5 11. c3 Bb7 12. Nf2 Qb6 13. Kh1 Rad8 14. Ng4 c4 15. dxc4 dxc4 16. Bc2 f5 17. exf5 exf5 18. Nge5 Nxe5 19. Nxe5 Nc6 20. Be3 Qc7 21. Nf3 Rfe8 22. Qf2 Qf7 23. Ng5 Qf6 24. a4 Rd7 25. axb5 axb5 26. Rfe1 b4 27. b3 Qxc3 28. Rab1 Na5 29. bxc4 Nxc4 30. Bb3 Bd5 31. Ba4 Rxe3 32. Bxd7 Rxe1+ 33. Qxe1 Qxe1+ 34. Rxe1 Bf7 35. Nxf7 1-0

[Event "ROM-ch U18 Girls"]
[Site "Calimanesti"]
[Date "2014.04.06"]
[Round "1"]
[White "Ungureanu, Maria Andreea"]
[Black "Bracacescu, Raluca Veronica"]
[Result "1/2-1/2"]
[WhiteElo "1684"]
[BlackElo "1680"]
[PlyCount "84"]
[EventDate "2014.04.06"]
[EventType "tourn"]
[EventRounds "9"]
[EventCountry "ROU"]
[SourceTitle "CBM 160 Extra"]
[Source "ChessBase"]
[SourceDate "2014.07.01"]
[SourceVersion "1"]
[SourceVersionDate "2014.07.01"]
[SourceQuality "1"]

1. d4 Nf6 2. c4 g6 3. Nc3 Bg7 4. e4 d6 5. f3 0-0 6. Nge2 Nc6 7. g3 a6 8. Bg2 Rb8 9. a4 Re8 10. 0-0 e5 11. d5 Nd4 12. Be3 c5 13. dxc6 Nxe2+ 14. Qxe2 bxc6 15. a5 c5 16. Rfd1 Qc7 17. Na4 Be6 18. Qd3 Bf8 19. Bf1 Nd7 20. Rdb1 Rb4 21. b3 f5 22. Bh3 fxe4 23. Bxe6+ Rxe6 24. Qxe4 Nf6 25. Qc2 Rb7 26. Nb6 Qc6 27. Kf2 Rf7 28. Kg2 Ng4 29. Qe2 Nxe3+ 30. Qxe3 e4 31. f4 Bg7 32. Ra2 Bd4 33. Qe2 e3+ 34. Nd5 g5 35. Qg4 Rg6 36. fxg5 Qb7 37. Re2 Rfg7 38. Qf4 Rd7 39. Qg4 Rdg7 40. Qf4 Rf7 41. Qg4 h5 42. Qxh5 Rfg7 1/2-1/2

[Event "ROM-ch U16 Girls"]
[Site "Calimanesti"]
[Date "2013.04.07"]
[Round "8"]
[White "Cusmuliuc, Diana Elena"]
[Black "Bracacescu, Raluca Veronica"]
[Result "1-0"]
[WhiteElo "1782"]
[BlackElo "1682"]
[PlyCount "171"]
[EventDate "2013.04.02"]
[EventType "swiss"]
[EventRounds "9"]
[EventCountry "ROU"]
[SourceTitle "CBM 153 Extra"]
[Source "ChessBase"]
[SourceDate "2013.04.22"]
[SourceVersion "1"]
[SourceVersionDate "2013.04.22"]
[SourceQuality "1"]

1. e4 d6 2. d4 Nf6 3. Nc3 g6 4. Be3 c6 5. Qd2 b5 6. Bd3 Nbd7 7. h3 Bg7 8. Nf3 b4 9. Nd1 a5 10. 0-0 0-0 11. Bh6 c5 12. Re1 cxd4 13. Bxg7 Kxg7 14. Nxd4 Ne5 15. Bf1 Bb7 16. f3 Rc8 17. Nf2 Nfd7 18. f4 Nc4 19. Qd3 e5 20. Nf3 Qc7 21. f5 Nxb2 22. Qe3 Nc4 23. Qg5 Qd8 24. Qg3 Nf6 25. Rad1 Qb6 26. Kh1 Ne3 27. Ng4 Nexg4 28. hxg4 Nxe4 29. Rxe4 Bxe4 30. Ng5 Qb7 31. Qh4 h6 32. f6+ Kxf6 33. Nxe4+ Kg7 34. Nxd6 Qc6 35. Nxc8 Qxc2 36. Qe1 Rxc8 37. Qxe5+ Kg8 38. Rd7 Qf2 39. Qb5 Qh4+ 40. Kg1 Qxg4 41. Qb7 Rf8 42. Qd5 a4 43. Bc4 Qf4 44. Qd4 Qxd4+ 45. Rxd4 b3 46. axb3 axb3 47. Bxb3 Kg7 48. Rd7 Kf6 49. Kh2 h5 50. Kg3 g5 51. Kf3 Kg6 52. Rd6+ f6 53. Bc2+ Kg7 54. Rd7+ Rf7 55. Rxf7+ Kxf7 56. Bf5 Ke7 57. Ke4 Kd6 58. Bc8 Ke7 59. Kf5 Kf7 60. Bd7 Kg7 61. Be8 h4 62. Bh5 Kh6 63. Bg4 Kg7 64. Ke6 Kg6 65. Bf5+ Kh5 66. Kxf6 g4 67. Be4 h3 68. g3 Kh6 69. Kf5 h2 70. Bd5 Kh5 71. Bh1 Kh6 72. Kxg4 Kg6 73. Kh3 Kg5 74. Kxh2 Kg4 75. Bd5 Kg5 76. Kh3 Kg6 77. Kg4 Kg7 78. Kg5 Kh7 79. Kf6 Kh8 80. g4 Kh7 81. g5 Kh8 82. Bf7 Kh7 83. g6+ Kh6 84. g7 Kh7 85. g8Q+ Kh6 86. Qg6# 1-0

[Event "ROM-ch U16 Girls"]
[Site "Calimanesti"]
[Date "2013.04.06"]
[Round "7"]
[White "Bracacescu, Raluca Veronica"]
[Black "Cirlig, Ioana Andreea"]
[Result "0-1"]
[WhiteElo "1682"]
[BlackElo "1813"]
[PlyCount "142"]
[EventDate "2013.04.02"]
[EventType "swiss"]
[EventRounds "9"]
[EventCountry "ROU"]
[SourceTitle "CBM 153 Extra"]
[Source "ChessBase"]
[SourceDate "2013.04.22"]
[SourceVersion "1"]
[SourceVersionDate "2013.04.22"]
[SourceQuality "1"]

1. e4 c6 2. d4 d5 3. exd5 cxd5 4. Bd3 Nc6 5. c3 Nf6 6. Bf4 Bg4 7. Qb3 Na5 8. Qa4+ Bd7 9. Qc2 e6 10. Nf3 Be7 11. 0-0 Rc8 12. Ne5 0-0 13. Nd2 a6 14. Ndf3 h6 15. Qe2 b5 16. Bd2 Nc4 17. Nxc4 bxc4 18. Bc2 Bb5 19. Ne5 Nd7 20. f4 Bf6 21. g4 Nxe5 22. dxe5 Be7 23. f5 d4 24. Be4 Bc5 25. Kh1 exf5 26. gxf5 Re8 27. Bxh6 Rxe5 28. Qg4 Qf6 29. Bg5 Rxe4 30. Qxe4 Qxg5 31. cxd4 Bxd4 32. h4 Qe3 33. Qxe3 Bxe3 34. Rfe1 Bf2 35. Rec1 Bxh4 36. Rd1 Re8 37. Rd2 Bg5 38. Rf2 Re4 39. Kh2 Bf6 40. Rd1 Rg4 41. Kh3 Rh4+ 42. Kg3 Rd4 43. Rxd4 Bxd4 44. Rd2 Bf6 45. Kg4 Kf8 46. Rc2 Ke7 47. a4 Bxa4 48. Rxc4 Bd1+ 49. Kf4 Bxb2 50. Rc7+ Kd6 51. Rxf7 Be5+ 52. Ke4 Bc2+ 53. Ke3 Kc5 54. Re7 Bd4+ 55. Kf4 Kb5 56. Rb7+ Kc4 57. Rc7+ Kd3 58. Kf3 a5 59. Rc6 a4 60. Ra6 Kc4 61. Rc6+ Kb3 62. Rd6 Bc3 63. Rb6+ Ka2 64. Rc6 Kb2 65. Rb6+ Bb3 66. Ke2 a3 67. Kd3 a2 68. Ra6 Bf6 69. Rc6 a1Q 70. Rc1 Qxc1 71. Ke2 Bc4+ 0-1

[Event "ROM-ch U16 Girls"]
[Site "Calimanesti"]
[Date "2013.04.05"]
[Round "5"]
[White "Bracacescu, Raluca Veronica"]
[Black "Stanciu, Ioana Georgiana"]
[Result "1/2-1/2"]
[WhiteElo "1682"]
[BlackElo "1746"]
[PlyCount "84"]
[EventDate "2013.04.02"]
[EventType "swiss"]
[EventRounds "9"]
[EventCountry "ROU"]
[SourceTitle "CBM 153 Extra"]
[Source "ChessBase"]
[SourceDate "2013.04.22"]
[SourceVersion "1"]
[SourceVersionDate "2013.04.22"]
[SourceQuality "1"]

1. e4 c5 2. c3 Nf6 3. e5 Nd5 4. d4 cxd4 5. Nf3 Nc6 6. cxd4 d6 7. Bc4 e6 8. 0-0 Be7 9. Qe2 0-0 10. Nc3 Nb6 11. Bd3 f6 12. Qe4 f5 13. Qe2 Nb4 14. Bb1 a6 15. a3 N4d5 16. Bd2 Bd7 17. Ba2 Nxc3 18. bxc3 d5 19. Rfe1 Bb5 20. Qd1 Rc8 21. Bb3 Qc7 22. a4 Bc4 23. a5 Bxb3 24. Qxb3 Nc4 25. Bg5 Nxa5 26. Rxa5 Bxg5 27. Rc5 Qe7 28. Rxc8 Rxc8 29. Nxg5 Qxg5 30. Qxb7 Rxc3 31. Qxa6 Kf7 32. Qa4 Qe7 33. h3 Rc4 34. Qa1 Qc7 35. Qd1 Qb8 36. Qh5+ Kg8 37. Rd1 g6 38. Qg5 Qb6 39. Qe3 Qb2 40. Qf4 Rc2 41. Qh4 Qb6 42. Qe7 Rc7 1/2-1/2

[Event "ROM-ch U16 Girls"]
[Site "Calimanesti"]
[Date "2013.04.03"]
[Round "2"]
[White "Bracacescu, Raluca Veronica"]
[Black "Ungureanu, Maria Andreea"]
[Result "1-0"]
[WhiteElo "1682"]
[BlackElo "1683"]
[PlyCount "133"]
[EventDate "2013.04.02"]
[EventType "swiss"]
[EventRounds "9"]
[EventCountry "ROU"]
[SourceTitle "CBM 153 Extra"]
[Source "ChessBase"]
[SourceDate "2013.04.22"]
[SourceVersion "1"]
[SourceVersionDate "2013.04.22"]
[SourceQuality "1"]

1. e4 c5 2. c3 d6 3. d4 cxd4 4. cxd4 g6 5. Nf3 Bg7 6. Be2 Nf6 7. Nc3 Nc6 8. 0-0 0-0 9. Be3 Ng4 10. Bg5 h6 11. Bc1 Bd7 12. h3 Nf6 13. Be3 a6 14. d5 Ne5 15. Nxe5 dxe5 16. Qd2 Kh7 17. f4 exf4 18. Bxf4 b5 19. e5 b4 20. Nd1 Ne8 21. Qxb4 Nc7 22. Qd2 Bb5 23. Bxb5 Nxb5 24. Nc3 Nc7 25. Rad1 Qd7 26. Qe2 Kg8 27. Kh1 Kh7 28. Qc4 Rac8 29. Qa4 Rcd8 30. Qxd7 Rxd7 31. Rf2 Rfd8 32. Rfd2 g5 33. Bg3 Na8 34. Ne4 Nb6 35. d6 e6 36. Rc1 Nd5 37. a3 Kg6 38. Nc5 Ra7 39. Nd3 f5 40. exf6 Bxf6 41. Ne5+ Bxe5 42. Bxe5 Rad7 43. Rc6 Ra8 44. b4 Kf5 45. Bg3 Kg6 46. Rb2 Nf6 47. Rc7 Rad8 48. Rxd7 Rxd7 49. Rc2 Ne4 50. Bh2 Nxd6 51. Rd2 Kf5 52. Rxd6 Ra7 53. Kg1 h5 54. Kf2 g4 55. hxg4+ hxg4 56. Ke3 Rh7 57. Bg3 Ra7 58. a4 Ra8 59. b5 axb5 60. axb5 Ra3+ 61. Rd3 Ra7 62. b6 Rb7 63. Bc7 e5 64. Ra3 g3 65. Ra7 Rxa7 66. bxa7 e4 67. a8Q 1-0

[Event "ROM-ch U16 Girls"]
[Site "Calimanesti"]
[Date "2013.04.02"]
[Round "1"]
[White "Bulmaga, Elena"]
[Black "Bracacescu, Raluca Veronica"]
[Result "1-0"]
[WhiteElo "1798"]
[BlackElo "1682"]
[PlyCount "105"]
[EventDate "2013.04.02"]
[EventType "swiss"]
[EventRounds "9"]
[EventCountry "ROU"]
[SourceTitle "CBM 153 Extra"]
[Source "ChessBase"]
[SourceDate "2013.04.22"]
[SourceVersion "1"]
[SourceVersionDate "2013.04.22"]
[SourceQuality "1"]

1. e4 d6 2. d4 Nf6 3. Bd3 g6 4. Nf3 Bg7 5. c3 0-0 6. 0-0 Nc6 7. Re1 e5 8. Qc2 exd4 9. Nxd4 Ne5 10. Bf1 Re8 11. Bg5 h6 12. Bh4 g5 13. Bg3 Ng6 14. Nd2 h5 15. h3 h4 16. Bh2 g4 17. hxg4 Nxg4 18. Nf5 Qf6 19. Nf3 Nxh2 20. Kxh2 Bxf5 21. exf5 Ne5 22. Qe4 Nxf3+ 23. Qxf3 Qg5 24. Re4 Rxe4 25. Qxe4 Bf6 26. Re1 c6 27. Bd3 a5 28. Re3 Kh8 29. Rh3 d5 30. Qe2 Rg8 31. g3 Qg7 32. Qh5+ Qh7 33. Qf3 Qg7 34. Qh5+ Qh7 35. Qf3 Qg7 36. Qf4 b5 37. Qd6 Rd8 38. Qxc6 Kg8 39. Qxb5 Bg5 40. Qxa5 Re8 41. Qxd5 Rb8 42. b3 Qxc3 43. Bc4 Rf8 44. Qc6 Qd2 45. Qg6+ Kh8 46. Qh5+ Kg7 47. Kg2 Qd8 48. Qg4 Qa8+ 49. Kg1 Kh6 50. gxh4 Bf6 51. Rg3 Qxa2 52. Bxf7 Qb1+ 53. Kh2 1-0

[Event "Bucharest Gaudeamus Cup 1st"]
[Site "Bucharest"]
[Date "2011.03.27"]
[Round "5"]
[White "Bracacescu, Raluca Veronica"]
[Black "Raducanu, Alberto"]
[Result "0-1"]
[WhiteElo "1669"]
[BlackElo "1782"]
[PlyCount "118"]
[EventDate "2011.03.25"]
[EventType "swiss"]
[EventRounds "5"]
[EventCountry "ROU"]
[SourceTitle "CBM 141 Extra"]
[Source "ChessBase"]
[SourceDate "2011.05.03"]
[SourceVersion "1"]
[SourceVersionDate "2011.05.03"]
[SourceQuality "1"]

1. e4 c6 2. d4 d5 3. exd5 cxd5 4. Bd3 Nf6 5. c3 Nc6 6. Bf4 Bg4 7. Qb3 Qd7 8. Nd2 e6 9. Ngf3 Be7 10. Ne5 Nxe5 11. dxe5 0-0 12. exf6 Bxf6 13. 0-0 e5 14. Bg3 e4 15. Bc2 h5 16. h3 Be6 17. Bd1 d4 18. c4 h4 19. Bh2 Bf5 20. Re1 Rfe8 21. Qb5 Qe6 22. Qxb7 Rad8 23. Bf3 Re7 24. Qb3 e3 25. fxe3 dxe3 26. Nf1 Rd3 27. Qb5 Be4 28. Bg4 Qb6 29. Qxb6 axb6 30. Be2 Rd8 31. Rad1 Bd4 32. Kh1 Bc2 33. Rc1 Be4 34. Red1 Red7 35. Bg4 f5 36. Be2 g5 37. b4 g4 38. hxg4 h3 39. Ng3 Bxg2+ 40. Kg1 f4 41. Rxd4 Rxd4 42. Nf5 Rd2 43. Bf1 e2 44. Bxg2 Rd1+ 45. Rxd1 Rxd1+ 46. Kf2 e1Q+ 47. Kf3 hxg2 48. c5 Rd2 49. Bg3 g1N+ 50. Kxf4 Ne2+ 51. Kf3 Rd3+ 52. Kg2 Qg1+ 53. Kh3 Nxg3 54. Kh4 Nxf5+ 55. Kg5 Kf7 56. Kxf5 Qe3 57. g5 Rd5+ 58. Kg4 Rxg5+ 59. Kh4 bxc5 0-1